Thanh Niên

Ngưng đặt mua từ 1/2019

Uloženo v:
Podrobná bibliografie
Hlavní autor: Hội Liên hiệp Thanh niên Việt Nam
Médium: Kniha
Jazyk:Undetermined
Vydáno: Tp. Hồ Chí Minh
Témata:
On-line přístup:http://lrc.tdmu.edu.vn/opac/search/detail.asp?aID=2&ID=6806
Tagy: Přidat tag
Žádné tagy, Buďte první, kdo otaguje tento záznam!
Thư viện lưu trữ: Trung tâm Học liệu Trường Đại học Thủ Dầu Một
LEADER 00596nam a2200169Ia 4500
001 TDMU_6806
008 210410s9999 xx 000 0 und d
082 |a NULL 
100 |a Hội Liên hiệp Thanh niên Việt Nam 
245 0 |a Thanh Niên 
245 0 |c Hội Liên hiệp Thanh niên Việt Nam 
260 |a Tp. Hồ Chí Minh 
300 |a 20tr 
520 |a Ngưng đặt mua từ 1/2019 
650 |a Báo Thanh niên  
856 |u http://lrc.tdmu.edu.vn/opac/search/detail.asp?aID=2&ID=6806 
980 |a Trung tâm Học liệu Trường Đại học Thủ Dầu Một